[Event "Politiken zt"]
[Site "Munkebo"]
[Date "1998.09.17"]
[Round "3.2"]
[White "Stefansson, Hannes"]
[Black "Djurhuus, Rune"]
[Result "1-0"]
[WhiteElo "2535"]
[BlackElo "2495"]
[Annotator "Ribli,Z"]
[PlyCount "53"]
[EventDate "1998.09.10"]
[EventType "k.o."]
[EventRounds "5"]
[EventCountry "DEN"]
[SourceTitle "CBM 067"]
[Source "ChessBase"]
[SourceDate "1998.11.30"]
[SourceVersion "2"]
[SourceVersionDate "1998.11.01"]
[SourceQuality "1"]

{[%mdl 192]} 1. c4 e5 2. Nc3 Nc6 3. g3 f5 4. Bg2 Nf6 5. e3 g6 (5... Bb4) (5...
Be7) 6. d4 e4 (6... d6 7. Nge2 (7. Bxc6+ bxc6 8. dxe5 dxe5 9. Qxd8+ Kxd8 10. b3
Bd6 11. Bb2 Re8 12. Rd1 Bd7 13. f3 Kc8 14. Nh3 Bc5 15. Ke2 f4 16. Ng5 Bxe3 {
0-1 Petusson,M-Stefasson,H/Reykjavik 1992 (50)}) (7. b3 Bg7 8. dxe5 Nxe5 9. Bb2
O-O 10. Nge2 c6 11. O-O Qc7 12. Qd2 Be6 13. Rfd1 Rfd8 14. Rac1 Bf7 15. f4 Neg4
16. h3 Nh6 17. Nd4 Rd7 18. Nf3 Kh8 19. Ng5 Bg8 20. Kh2 Re8 21. e4 $36 {1-0
Komljenovic,D-Maruejols,C/Cappelle la Grnde 1997 (34)}) 7... Bg7 8. Bxc6+ bxc6
9. dxe5 dxe5 10. Qxd8+ Kxd8 11. b3 Ke7 12. Ba3+ Kf7 13. Rd1 Bd7 14. O-O Rhd8
15. Na4 Be6 16. Nc5 Bf8 17. Nc3 f4 18. Nxe6 Kxe6 19. Bxf8 Rxd1 20. Rxd1 Rxf8
21. exf4 exf4 22. Ne2 fxg3 23. hxg3 {1-0 Vaulin,A-Nestorovic,D/Belgrade 1993 
(43)}) 7. f3 {Weiß muß die starke schwarze Bauernkette sprengen. Ribli.} (7.
Nge2 Bg7 $5 (7... Nb4 8. O-O Nd3 9. Bd2 c6 (9... Nxb2 10. Qb3 Nd3 11. f3) 10.
Nc1 Nxc1 11. Rxc1 Bg7 12. f3 $14) (7... d5 8. cxd5 Nb4 9. O-O Nbxd5 10. Nxd5
Qxd5 11. f3 exf3 12. Bxf3 Qc4 13. b3 Qa6 14. Qc2 $14 {Die schwarze
Königsstellung ist geschwächt.})) 7... exf3 8. Nxf3 {Es sei angemerkt, daß
Weiß in der Variante 1.c4 e5 2.Nc3 Nc6 3.Nf3 e4 4.Ng5 f5 auch f2-f3 spielt,
aber in unserer Partiestellung verliert er kein Tempo mit seinem Springer.} Bg7
(8... d6 9. O-O Bg7 10. d5 Ne5 (10... Ne7 11. Nd4 O-O 12. b3 Ng4 13. Qd2 Bd7
14. Bb2 c6 15. h3 Ne5 16. Rf2 a5 17. Rc1 Re8 18. Kh2 Nc8 19. Nce2 c5 20. Ne6
Bxe6 21. dxe6 Ra7 22. Bd5 Ne7 23. e4 {1-0 Kroll,O-Nielsen,J/Aarhus 1991 (36)})
11. Nxe5 dxe5 12. e4 O-O 13. Qe2 Qe7 14. Be3 (14. Bg5 h6 15. Bd2 Bd7 16. Rae1
Rae8 17. Bh3 Nh7 18. Be3 Ng5 19. Bg2 f4 20. Bd2 Nh3+ 21. Kh1 h5 22. Qd3 Bh6 23.
gxf4 Nxf4 24. Bxf4 Rxf4 25. Ne2 Rh4 {1/2-1/2 Schinzel,W-Hort,V/Polanica Zdroj
1977 (47)}) 14... Ng4 15. Bd2 Bd7 16. Rae1 f4 17. Bf3 fxg3 18. hxg3 h5 19. Kg2
Rf7 20. Nd1 Raf8 21. b4 Bh6 22. Bxh6 Nxh6 23. Qd2 Ng4 24. Be2 h4 $36 {0-1
Anand,V-Ljubojevic,L/Roquebrune 1992 (45)}) 9. d5 {Die Stellung erinnert mich
an die Holländische Eröffnung. Meines Erachtens steht Weiß wegen seines
Raumvorteils und seines Entwicklungsvorsprungs besser.} Nb8 (9... Ne7 10. O-O
O-O 11. Qd3 d6 12. Nd4 Ng4 13. b3 Ne5 14. Qd2 Kh8 15. Bb2 Ng8 16. Nce2 Qe7 17.
Nf4 Nf6 18. Nde6 Bxe6 19. Nxe6 Rf7 20. Rae1 Bh6 21. Qc2 Nh5 22. Nf4 Ng7 $13 {
0-1 Nei,I-Polugaevsky,L/USSR 1960 (67)}) 10. O-O d6 11. Nd4 $14 {[%csl Gd4,Ye6]
[%cal Gd4e6] Der Springer strebt zum Vorposten e6.} O-O 12. Nce2 {[%csl Ye6]
[%cal Ge2f4,Gf4e6]} (12. e4 $2 fxe4 13. Nxe4 Nxe4 14. Rxf8+ Qxf8 15. Bxe4 Bg4
16. Qd3 (16. Qxg4 Bxd4+ $15 {[%csl Rg1]}) 16... Nd7 $15) (12. b4 Re8 $13) 12...
Ng4 (12... Na6 13. Nf4 Nc5 14. b4 Nce4 (14... g5 15. bxc5 (15. Nfe6 Nxe6 16.
dxe6 Ng4) 15... gxf4 16. Rxf4 dxc5 17. Nxf5 Bxf5 18. Rxf5 $16) 15. Nde6 Bxe6
16. Nxe6 $16 {[%csl Ge6][%cal Re6d8,Re6f8]}) 13. Nf4 Bxd4 {Schwarz gibt seinen
Läufer auf, denn es drohte 14.Nfe6 bzw. Nde6.} 14. exd4 $16 {[%csl Gc1,Ye6,Gf4,
Gg2,Rg8] Weiß übt starke Kontrolle über das feld e6 aus und die schwarze
Königsstellung ist schwach. Dabei sollte sich das Fehlen des schwarzen
Königsläufers bemerkbar machen.} Re8 (14... Qd7 15. Re1 $16) 15. Ne6 {[#]} Bxe6
(15... Qd7 16. Bg5 $16 {Der g4-Springer hat jetzt kein Feld und nach 16...h6
wird die Königsstellung noch schwächer.}) 16. dxe6 {[%csl Ge6,Rg8][%cal Rg2a8]}
c6 (16... Nc6 17. h3 Nf6 18. Bg5 {[%csl Ge6][%cal Rg5d8] Die Fesselung ist
sehr unangenehm. Es droht 19.g4 und der weiße Bauer e6 hängt nie wegen d5 oder
.Bd5.}) 17. h3 (17. d5 $2 Qb6+ {[%cal Rb6g1]} 18. Kh1 Nf2+ {[%cal Rf2h1,Rf2d1]}
) 17... Nf6 18. d5 cxd5 (18... Ne4 19. Bxe4 fxe4 20. b3 $16 {[%csl Rg8][%cal
Gc1b2,Gb2h8]}) 19. cxd5 Na6 20. g4 $1 {Ein gutes Beispiel, wie der Weiße
seinem Läuferpaar die Stellung öffnet.} fxg4 (20... Qb6+ 21. Kh2 $16) 21. Qd4
$1 {[%csl Gc1,Gd4,Ge6,Gf1,Rg8]} gxh3 (21... Rf8 22. Bg5 {[%csl Gd4,Gf1,Rf6,Gg5]
[%cal Rg5d8]} Kg7 23. Rxf6 Rxf6 24. Rf1 $18) 22. Rxf6 hxg2 23. Rf7 $18 {
[%csl Gd4,Gf7,Rg8][%cal Rd4g7] Es droht Matt auf g7 und der Damentausch hilft
dem Schwarzen nicht wirklich weiter.} Qb6 24. Rg7+ Kh8 25. Be3 {[%csl Ge3,Gg7,
Rh8] Ein Läufer auf d4 ist für den Schwarzen ebenso gefährlich wie die Dame.}
Qxd4 (25... h6 26. Rxb7+ Qxd4 27. Bxd4+ Kg8 28. Rg7+) 26. Bxd4 {[%csl Gd4,Gg7]
Schwarz kann sich der einzügigen Mattdrohung nicht mehr erwehren.} Nc5 27.
Rxg6# 1-0

[Event "Akureyri"]
[Site "Akureyri"]
[Date "1994.??.??"]
[Round "?"]
[White "Petursson, Margeir"]
[Black "Berg, Klaus"]
[Result "1-0"]
[WhiteElo "2550"]
[BlackElo "2440"]
[Annotator "Ribli,Z"]
[PlyCount "81"]
[EventDate "1994.02.??"]
[EventType "tourn"]
[EventRounds "11"]
[EventCountry "ISL"]
[EventCategory "10"]
[SourceTitle "CBM 040"]
[Source "ChessBase"]
[SourceDate "1994.06.01"]
[SourceVersion "1"]
[SourceVersionDate "1994.06.01"]
[SourceQuality "1"]

1. c4 e5 2. Nc3 Nc6 3. g3 g6 4. Bg2 Bg7 5. e3 d6 6. Nge2 f5 7. d3 Nf6 8. O-O
O-O 9. Rb1 (9. b3 $5 {Granda Zuniga,J-Benjamin,J/New York/1992/INF55,29/}) 9...
Ne7 (9... a5 10. b3 $5 $14 {Winants,L-Nijboer,F/Tilburg/1992/CBM32/}) 10. b3 (
10. f4 c6 11. b3 Be6 $13 {Topalov,V-Seirawan,Y/Biel izt/1993/CBM37/INF58,30/})
10... g5 (10... c6 11. e4 d5 12. exd5 cxd5 13. d4 $13 {Csom,I-Bhend,E/Shur/
1992/EXP27/}) 11. f4 h6 12. Qd2 Ng6 13. Bb2 c6 14. Kh1 exf4 (14... Be6 15. d4
exf4 16. exf4 g4 17. d5 $14) 15. exf4 (15. gxf4 Nh4 $13) 15... Ng4 16. Rbe1
gxf4 17. Nxf4 (17. gxf4 Qh4 $36) 17... Nxf4 18. Rxf4 Be5 19. h3 $5 (19. Rff1
Qg5 20. Qxg5+ hxg5 $13) 19... Bxf4 (19... Nf6 20. Rh4 Bxg3 21. Rxh6 Bxe1 22.
Qg5+ Kf7 23. Nd5 $1 Nxd5 24. Rh7+ Ke6 25. cxd5+ cxd5 26. Qe3#) 20. Qxf4 Ne5 (
20... Nf6 21. Qxh6 $44) 21. Qxh6 Qf6 22. Qe3 f4 $6 (22... Bd7 $5) 23. gxf4 Qxf4
24. Ne4 Qh4 (24... Qxe3 25. Rxe3 $44) 25. Rg1 $1 (25. Nxd6 Ng4 $13) 25... Bg4
26. Nxd6 Nf3 27. Qe4 $1 Qh5 28. Qxg4+ Qxg4 29. hxg4 Nxg1 30. Kxg1 Rf4 31. g5
Rd8 32. c5 b6 33. Be5 $1 Rg4 34. Bf6 Rd7 35. d4 bxc5 36. dxc5 Rh7 37. Nf5 Rf4
38. Ne7+ Kf7 39. Be5 $1 Rg4 40. g6+ Kxe7 41. gxh7 1-0

[Event "Zlin"]
[Site "Zlin"]
[Date "1995.??.??"]
[Round "?"]
[White "Vaulin, Alexander"]
[Black "Polak, Tomas"]
[Result "0-1"]
[WhiteElo "2490"]
[BlackElo "2450"]
[Annotator "Ribli,Z"]
[PlyCount "78"]
[EventDate "1995.??.??"]
[EventType "tourn"]
[EventRounds "9"]
[EventCountry "CZE"]
[EventCategory "10"]
[SourceTitle "CBM 049"]
[Source "ChessBase"]
[SourceDate "1995.12.01"]
[SourceVersion "1"]
[SourceVersionDate "1995.12.01"]
[SourceQuality "1"]

1. c4 e5 2. g3 Nf6 3. Bg2 Nc6 4. Nc3 Bb4 5. Nd5 Bc5 6. e3 O-O 7. Ne2 d6 8. O-O
a5 (8... Bg4 9. h3 Bxe2 10. Qxe2 Re8 11. Rd1 Nxd5 12. cxd5 Ne7 13. d4 exd4 14.
exd4 Bb6 15. Qd3 Qd7 16. a4 a5 17. Bd2 Nf5 18. Bc3 $14 {Psakhis,L-Magai,V/
Moscow olm/1994/EXP44/}) 9. d4 Ba7 (9... exd4 $2 10. exd4 Ba7 11. Bg5 $16) 10.
dxe5 (10. Nxf6+ Qxf6 11. d5 Nb8 (11... Ne7 $5) 12. Bd2 Bb6 13. Nc3 Bd7 14. Na4
Bxa4 15. Qxa4 Na6 16. Qc2 Nc5 17. b3 Qg6 $13) 10... Nxe5 11. b3 c6 12. Ndc3 (
12. Ndf4 $5) 12... Qe7 13. Ba3 Bc5 14. Bxc5 dxc5 15. Qc2 h5 16. h3 h4 17. g4 {
[#]} Nfxg4 $5 {Das Opfer ist sehr interessant, Schwarz bekommt zwei Bauern und
uebernimmt die Initiative.} 18. hxg4 Bxg4 (18... h3 $2 19. Bxh3 Qh4 20. Kg2
Bxg4 21. Bxg4 Qxg4+ (21... Nxg4 22. Nf4 Qh2+ 23. Kf3 Ne5+ 24. Ke2 $18) 22. Ng3
Qf3+ 23. Kg1 $18) 19. f4 (19. f3 h3 20. fxg4 (20. Bh1 Nxf3+ 21. Bxf3 Qxe3+ $44)
20... hxg2 21. Rf4 (21. Kxg2 Nxg4 $44) 21... Qh4 22. Kxg2 Nxg4 23. Rxg4 $1
Qxg4+ 24. Ng3 $13) 19... Ng6 20. e4 h3 21. Bh1 f5 22. Kh2 Rae8 23. e5 Qc7 24.
Qd2 {[#]} (24. Rae1 $5 {Weiss sollte das naechste Opfer mit diesem Zug
verhindern.}) 24... Nxe5 $5 {Fuer den Anziehenden war dieser Zug, wie der
Blitzstrahl aus heiterem Himmel.} 25. fxe5 Rxe5 26. Nf4 $2 (26. Ng3 $1 Rd8 $1 (
26... Rfe8 27. Rae1 $16) 27. Qf4 $1 (27. Qc2 Re3 28. Rg1 Rdd3 $19) (27. Qf2 Rd3
28. Rac1 Ree3 $19) 27... Rd4 (27... Qe7 28. Nce4 $1) 28. Nce4 $1 $16 {Ich sehe
keine ausreichende Kompensation fuer das geopferte Material.}) 26... g5 $1 {
Jetzt gewinnt der Nachziehende mindestens einen Springer zurueck.} 27. Rf2 Rd8
$1 {Nun rollt der schwarze Angriff unaufhaltsam voran.} 28. Qc1 Rd4 $1 29. Kg1
gxf4 {Schwarz hat 4! Bauern und Angriff fuer den Springer. Weiss ist hilflos.}
30. Qf1 Re3 31. Nd5 cxd5 32. Bxd5+ Kh7 33. Kh1 Qe5 34. Rc1 f3 35. Bxb7 Re2 36.
Qg1 Rdd2 37. Rcf1 Rxf2 38. Rxf2 Re2 39. Bxf3 Re1 {Ribli} 0-1

[Event "ARG-World"]
[Site "Buenos Aires"]
[Date "1994.??.??"]
[Round "8"]
[White "Panno, Oscar"]
[Black "Mascarinas, Rico"]
[Result "1-0"]
[WhiteElo "2520"]
[BlackElo "2410"]
[Annotator "Ribli,Z"]
[PlyCount "73"]
[EventDate "1994.04.??"]
[EventType "schev"]
[EventRounds "10"]
[EventCountry "ARG"]
[SourceTitle "CBM 042"]
[Source "ChessBase"]
[SourceDate "1994.10.01"]
[SourceVersion "1"]
[SourceVersionDate "1994.10.01"]
[SourceQuality "1"]

1. c4 e5 2. Nc3 Nc6 3. g3 g6 4. Bg2 Bg7 5. e3 Nge7 6. Nge2 d6 7. d3 O-O 8. O-O
Be6 (8... Bg4 9. h3 Be6 10. Nd5 Qd7 11. Kh2 Rae8 (11... f5 12. f4 Rae8 (12...
Bf7 13. Qa4 $1 Nc8 14. Bd2 Nb6 15. Qb5 $14 {Polugaevsky,L-Sadler,M/France/1993/
}) 13. Bd2 Nc8 14. Qa4 $1 $14 (14. Rc1 Nb6 15. b4 $6 (15. b3 $5) 15... Nd8 16.
Nec3 e4 $13 {Seirawan,Y-Kortschnoj,V/Montpellier ct/1985/})) 12. Qa4 Nc8 13.
Bd2 f5 14. f4 Rf7 15. Qb5 $14 {Panno,O-Polgar,Zsu/Aruba Tumba/1992/}) 9. Nd5
Rb8 (9... Qd7 10. Rb1 (10. Bd2 $5) 10... Rab8 $5 11. Nec3 a6 12. Bd2 $1 (12. a4
$6 a5 13. Bd2 Nb4 $13 {Ribli,Z-Nunn,J/Wijk aan Zee/1983/}) 12... b5 13. b3 $14)
10. b3 $5 (10. Rb1 a6 11. b3 Bxd5 12. cxd5 Nb4 13. Nc3 e4 $1 $13 {Gomez
Esteban,J-Vladimirov,B/Salamanca/1991/CBM23/}) 10... b5 (10... e4 11. Rb1 Nxd5
12. cxd5 Bxd5 13. Nf4 $14) 11. Bd2 Qd7 (11... e4 12. dxe4 bxc4 13. bxc4 Bxa1
14. Qxa1 $44) 12. Nec3 b4 (12... a6 $5) (12... bxc4 13. bxc4 $14) 13. Ne2 a5 (
13... e4 $2 14. dxe4 Bxa1 15. Qxa1 $16) 14. a3 $1 Bxd5 15. cxd5 Nd8 16. axb4
axb4 17. Ra7 Qb5 (17... Nc8 18. Ra4 $16) 18. Rxc7 Nxd5 19. Rc4 $14 Nc6 (19...
Ne6 20. Qc2 $14) (19... Nb6 20. Rxb4 Qxd3 21. Bc3 Qxd1 22. Rxd1 $16) 20. Qc2
Na5 21. Rb1 $1 Rfd8 (21... Nxc4 $2 22. dxc4 $18) 22. Bxd5 Qxd5 23. Rxb4 $16
Rbc8 (23... Nc6 24. Rc4 $16) 24. Nc3 Qe6 (24... Qc5 25. Ra4 (25. Rb5 $2 Qxb5)
25... Nc6 26. Rc4 Qa7 27. Nd5 Qb7 28. Rxc6 $1 Rxc6 29. Qxc6 Qxc6 30. Ne7+ $18)
25. Rb6 $1 Nc6 26. b4 d5 (26... Nd4 27. Qd1 $16) 27. b5 Nd4 28. Rxe6 Nxc2 29.
Rc6 d4 (29... Rxc6 30. bxc6 Rc8 31. Nxd5 $18) 30. Nd5 $1 Rb8 31. Ne7+ Kf8 32.
Nxg6+ hxg6 33. Rxc2 dxe3 34. Bxe3 Rxd3 35. b6 Rd7 36. Rc7 $1 Ke7 (36... Rxc7
37. bxc7 Rxb1+ 38. Kg2 $18) 37. Rd1 1-0

[Event "St Petersburg op"]
[Site "St Petersburg"]
[Date "1994.??.??"]
[Round "1"]
[White "Kavalerov, Aleksandr"]
[Black "Najer, Evgeniy"]
[Result "1/2-1/2"]
[WhiteElo "2325"]
[BlackElo "2495"]
[Annotator "Ribli,Z"]
[PlyCount "86"]
[EventDate "1994.02.??"]
[EventType "swiss"]
[EventRounds "9"]
[EventCountry "RUS"]
[SourceTitle "CBM 041"]
[Source "ChessBase"]
[SourceDate "1994.08.01"]
[SourceVersion "1"]
[SourceVersionDate "1994.08.01"]
[SourceQuality "1"]

1. c4 e5 2. Nc3 Nc6 3. g3 f5 4. Bg2 Nf6 5. e3 d5 (5... Bb4 {Razuvaev,
Y-Nevednichy,V/Tiraspol/1994/CBM40/}) 6. Nxd5 (6. cxd5 Nb4 7. Qb3 Nd3+ 8. Kf1
e4 $13) 6... Nxd5 7. cxd5 (7. Bxd5 $2 Nb4 8. Bg2 Qd3 $19) 7... Nb4 8. d3 (8.
Qb3 e4 9. Ne2 Nd3+ 10. Kf1 Bd6 $44) 8... Nxd5 9. Nf3 Bd6 10. O-O Nf6 (10... O-O
11. Qb3 Be6 12. Qxb7 $14 (12. Ng5 $5)) 11. e4 (11. b3 O-O 12. Bb2 Qe7 13. Qc2
$13) 11... fxe4 12. dxe4 O-O 13. b4 Qe8 14. Bb2 Bd7 15. a3 (15. Nd2 $5 Bb5 16.
Re1 Qf7 $13) 15... a5 16. bxa5 Rxa5 17. Bc3 (17. Nd2 $5) 17... Ra4 18. Nd2 Kh8
19. Qb3 b5 20. Bb2 Qh5 21. Rac1 Ng4 (21... Rfa8 $5) 22. h3 Nf6 23. h4 c5 24.
Qd3 Ra6 25. Nf3 c4 26. Qe3 Ng4 27. Qe2 Qf7 (27... Bxa3 28. Ra1 Rfa8 29. Nxe5
Bxb2 30. Rxa6 Rxa6 31. Nxd7 Bd4 32. Bf3 Rg6 33. Nf8 $18) 28. Rcd1 Qe7 (28...
Bxa3 29. Nxe5 Nxe5 30. Bxe5 $13) 29. Qd2 Be8 30. Qg5 Qxg5 31. Nxg5 Bxa3 32.
Bxa3 Rxa3 33. Rd8 c3 (33... h6 34. Ne6 Rg8 35. Nc7 Bc6 36. Rd6 $13) 34. Rc1 b4
35. Rb8 Rb3 (35... b3 36. Rxc3 Ra1+ 37. Bf1 $14) 36. Bf1 h6 37. Ne6 Rg8 38. Nc5
Rb2 39. Nd3 Rd2 40. Rxb4 c2 41. Rc4 Bg6 42. R1xc2 Rxc2 43. Rxc2 Bxe4 1/2-1/2

[Event "San Francisco"]
[Site "San Francisco"]
[Date "1995.??.??"]
[Round "10"]
[White "Gulko, Boris F"]
[Black "Kortschnoj, Viktor Lvovich"]
[Result "1/2-1/2"]
[WhiteElo "2595"]
[BlackElo "2635"]
[Annotator "Ribli,Z"]
[PlyCount "68"]
[EventDate "1995.??.??"]
[EventType "game"]
[EventCountry "ARG"]
[SourceTitle "CBM 046"]
[Source "ChessBase"]
[SourceDate "1995.06.01"]
[SourceVersion "1"]
[SourceVersionDate "1995.06.01"]
[SourceQuality "1"]

1. c4 e5 2. g3 Nc6 3. Bg2 g6 4. Nc3 Bg7 5. e3 f5 6. Nge2 Nf6 7. d3 O-O 8. O-O
d6 9. Rb1 a5 10. a3 (10. b3 $5 {Dieser Zug gefaellt mir besser.} g5 11. f4 {
Typisch} gxf4 12. exf4 Ng4 13. h3 Nh6 14. Be3 Nd4 15. Qd2 Nf7 16. Bf2 Nxe2+ 17.
Nxe2 $14 {Weiss hat Raumvorteil und droht (/\) d4. Winants,L-Nijboer,F/Tilburg/
1992/CBM32}) 10... Ne7 $5 (10... h6 11. b4 axb4 12. axb4 g5 13. f4 Ne7 14. b5
Ng6 15. Bd2 Kh7 16. Qc2 Qe7 17. Rbe1 $14 {Drasko,M-Marjanovic,S/JUG-ch Tivat/
1994/CBM43/}) 11. e4 (11. f4 c6 12. b4 axb4 13. axb4 Be6 14. Qc2 Bf7 $13 {
Schwarz hat genuegend Gegenspiel im Zentrum. Contin,D-Nikolic,Pr/Oviedo 25'/
1993/EXP38/}) 11... c6 12. b4 axb4 13. axb4 Be6 14. exf5 (14. b5 fxe4 15. Nxe4
Nxe4 16. Bxe4 d5 (16... Qd7 $5) 17. cxd5 cxd5 18. Bg2 $13) 14... Nxf5 15. Bg5
$5 (15. b5 Qd7 $10) 15... Qc7 16. Bxf6 {Gulko gibt den Laeufer und er will in
den weissen Feldern spielen.} Bxf6 17. b5 h5 18. Qb3 h4 19. bxc6 bxc6 20. Qb6 (
20. Qb7 $5) 20... Rac8 21. Qxc7 Rxc7 22. Rb6 hxg3 23. hxg3 Bd7 24. Ra1 (24.
Rfb1 Rfc8 25. Rb7 Kf8 26. Rxc7 Rxc7 $10) 24... Kg7 25. Raa6 Ne7 26. Ne4 Nc8 27.
Rb8 Be7 28. N2c3 Bf5 (28... d5 $2 29. cxd5 cxd5 30. Nxd5 Rc1+ 31. Bf1 Bh3 32.
Ne3 $18) 29. Kf1 Rd8 30. Ra5 Ra7 31. Rxa7 Nxa7 32. Rxd8 (32. Rb7 Rd7 $10) 32...
Bxd8 33. g4 Bxg4 34. Nxd6 Be7 {Schwarz hat sich gut verteidigt.  Ribli} 1/2-1/2

[Event "Athens Acropolis"]
[Site "Athens"]
[Date "2003.08.29"]
[Round "5"]
[White "Mastrovasilis, Athanasios"]
[Black "Tzermiadianos, Andreas"]
[Result "0-1"]
[WhiteElo "2499"]
[BlackElo "2418"]
[Annotator "Ribli,Z"]
[PlyCount "98"]
[EventDate "2003.08.25"]
[EventType "tourn"]
[EventRounds "9"]
[EventCountry "GRE"]
[EventCategory "12"]
[SourceTitle "CBM 097"]
[Source "ChessBase"]
[SourceDate "2003.11.11"]
[SourceVersion "1"]
[SourceVersionDate "2003.11.11"]
[SourceQuality "1"]

1. c4 e5 2. Nc3 Nc6 3. g3 g6 4. Bg2 Bg7 5. d3 d6 6. Rb1 a5 7. e3 (7. a3) 7...
f5 {Schwarz macht zuerst einen Bauernzug und spielt erst später Nf6, aber
nachfolgend bekommt Weiß die bessere Entwicklung und somit die Initiative.
Nach meiner persönlichen Meinung wäre es besser sofort 7...Nf6 zu spielen.} (
7... Nf6) 8. Nge2 Nf6 9. O-O (9. b3 O-O 10. Bb2 Be6 $5 11. Nd5 Bf7 $5 (11...
Qd7 12. O-O h6 13. Qd2 Kh7 14. Rbe1 Rae8 15. Nec3 $14 {1-0 Gurevich,
M-Gagunashvili,M/Batumi 2002/CBM 90/[Ribli] (39)}) 12. Nec3 Nxd5 13. Nxd5 Nb8
$1 14. Nc3 c6 $11 {1/2-1/2 Gurevich,M-Nikolic,P/Antwerp 1997/CBM 59 ext/
[Gurevich,M] (24)}) 9... O-O 10. b3 {Wir haben eigentlich eine Stellung aus
der Geschlossenen Variante der Sizilianische Eröffnung vor uns. Aber der Zug
a7-a5 scheint mir überflüssig.} Be6 (10... Kh8 11. Bb2 Be6 12. Nd5 Bg8 13. Nxf6
Qxf6 14. Qd2 g5 15. f4 {1-0 Csom,I-Sutter,O/Suhr 1992/CBM 27 ext (41)}) (10...
g5 11. f4 gxf4 12. exf4 Kh8 13. Qd2 Rb8 14. Bb2 Ne7 15. Nd1 Ng6 16. Ne3 Nh5 17.
Bf3 Nf6 18. Qxa5 exf4 19. Nxf4 Ne5 20. Bg2 Bd7 21. Qd2 Qe8 22. Rbe1 $16 {
0-1 Ehlvest,J-Sakaev,K/Panormo 2002/CBM 90 ext (59)}) 11. d4 {Die schwarze
positionelle Drohung ist 11...d5, also muss Weiß im Zentrum reagieren. Der
Springerzug nach d5 wäre die gewönliche Alternative.} (11. Nd5 Bf7 12. Qd2 Nxd5
13. cxd5 Ne7 14. e4 c6 15. dxc6 bxc6 16. Ba3 a4 17. b4 Qb6 18. b5 c5 19. Nc3 f4
20. gxf4 exf4 21. Rfd1 g5 22. f3 Ng6 23. Ne2 Ne5 $13 {1-0 Giardelli,S-Flores,D/
Buenos Aires 2000/CBM 79 (32)}) 11... Bf7 12. d5 (12. dxe5 dxe5 13. Ba3 Re8 14.
Bxc6 bxc6 15. Qxd8 Rexd8 16. Rfd1 Rxd1+ 17. Rxd1 a4 18. Nxa4 Bxc4 19. Nec3 Bf7
{0-1 Fernandez Lopez,F-Almagro Llanas,P/Mondariz Balneario 2002/CBM 90 ext (65)
}) 12... Ne7 13. e4 {Wir haben eigentlich eine Stellung vor uns, die typisch
für die Königsindische Verteidigung ist.} fxe4 (13... Qd7) 14. Nxe4 Nxe4 15.
Bxe4 $14 {[%csl Ye4] Weiß hat Raumvorteil und was sehr wichtig in solchen
Stellungen ist, er kontrolliert das Zentrumsfeld e4. Anderseits hat Schwarz
eine feste Stellung.} Qd7 16. Qd3 {Weiß bereitet den Plan 17.Bb2, 18.f4 vor
und verhindert die Möglichkeit g6-g5.} (16. Bb2 g5 17. f3 $14 (17. f4 $6 gxf4
18. gxf4 Bg6 $15)) 16... Kh8 {[%cal Ge7g8,Gg8f6] Ein typisches Manöver in
solchen Stellungen - Schwarz macht Platz für den Springer auf g8 und bereitet
Ng8-f6 vor.} 17. Bb2 (17. f4 $1 Ng8 18. fxe5 (18. f5 Nf6 19. fxg6 Nxe4 20. gxf7
Nf6 21. Be3 Rxf7 22. Nc3 $14) 18... Bxe5 19. Bb2 Rae8 20. Rf4 $14) 17... Ng8
18. f4 Qe7 (18... Rae8 19. fxe5 Bxe5 20. Rf4 $14) 19. f5 (19. Rbe1 $14 {
[%cal Ge1e7]}) 19... Nf6 20. fxg6 Nxe4 21. gxf7 (21. Rxf7 Rxf7 22. gxf7 Nf6 23.
Rf1 $14) 21... Ng5 22. h4 (22. Nc3 $14) 22... Nxf7 23. Nc3 {[%csl Ye4][%cal
Gc3e4] Endlich hat der weiße Springer das e4-Feld.} Bf6 24. Qf5 (24. Ne4 $14)
24... Nh6 25. Qh5 Qg7 26. Ne4 Ng4 27. Bc1 Bxh4 $5 {[%mdl 512] Ein
interessantes Figurenopfer, aber - besonders in der praktischen Partie - ist
es nicht leicht, alle Konsequenten zu kalkulieren.} 28. Bd2 $6 (28. Rxf8+ Rxf8
29. Qxh4 (29. gxh4 Nf6+ 30. Qg5 Nxe4 $19) 29... Qg6 30. Qh1 $1 (30. Nc3 Qf5 31.
Bg5 Qf2+ 32. Kh1 Qf3+ 33. Kg1 Rf5 $19) (30. Nd2 Qf5 $19) 30... Nf2 31. Nxf2 (
31. Qh6 Qf5 32. Qxf8+ Qxf8 33. Nxf2 Qf5 34. Rb2 (34. Ra1 Qf3 $13) 34... Qf3 $13
) 31... Qxb1 32. Qh6 Rf7 $13) 28... Be7 {Schwarz hat einen Bauern mehr, aber
Weiß hat eine starke Blockadestellung, so dass die Verwertung des Vorteils gar
nicht leicht ist.} 29. Rxf8+ Rxf8 30. Rf1 Nf6 $1 {Schwarz muss den e4-Springer
tauschen.} (30... Rxf1+ 31. Kxf1 Nf6 32. Nxf6 Qxf6+ 33. Ke2 $15) 31. Nxf6 (31.
Rxf6 Bxf6 (31... Rxf6 32. Nxf6 Qxg3+ 33. Kf1 Bxf6 34. Qf5 $15) 32. Bh6 Qf7 33.
Nxf6 Qxf6 34. Bxf8 Qxf8 $17) 31... Qxg3+ 32. Kh1 Rxf6 (32... Bxf6 $6 33. Bg5
Bg7 34. Rxf8+ Bxf8 35. Qf7 Qh3+ 36. Kg1 Qg4+ 37. Kf2 Qd4+ $11) 33. Qe8+ Bf8 $1
{Schwarz möchte die Damen auf dem Brett behalten.} (33... Qg8 34. Qxg8+ Kxg8
35. Rxf6 Bxf6 36. Bxa5 $15) 34. Rxf6 Qh4+ {[%cal Rh4f6,Rh4h1]} 35. Kg2 Qxf6 36.
Bxa5 {[%mdl 4096]} Kg8 37. a4 {Weiß hat einen Bauern weniger, aber seine
Stellung ist nicht hoffnungslos - er kann eventuell am Damenflügel in einigen
Varianten einen entfernten Freibauern bilden.} (37. Bxc7 $4 Qg7+ $19 {[%cal
Rg7c7,Rg7g2]}) 37... Qg5+ 38. Kh3 b6 39. Be1 Qf5+ 40. Kh2 Kg7 41. Bh4 e4 (41...
Qc2+ 42. Kg1 Qxb3 43. Qd7+ Kh6 44. Qf5 Qe3+ 45. Kg2 Bg7 46. Bd8 $132) 42. Qe6
Qf4+ 43. Kh3 $6 (43. Bg3 $1 Qh6+ (43... Qf3 44. Qd7+ Kg8 (44... Qf7 45. Qg4+
$11) 45. Qxc7 Qxb3 46. Qc8 $132) 44. Qxh6+ Kxh6 45. c5 Kg5 (45... bxc5 $2 46.
a5 $18) (45... dxc5 46. Bxc7 $18) 46. cxb6 cxb6 47. b4 $11) 43... Qf3+ 44. Bg3
h5 45. Kh4 Kh7 $1 $19 {[%csl Rh4][%cal Gf8g7,Gg7f6,Gf6h4] Schwarz bereitet das
Läufermanöver Bg7-Bf6+ vor.} 46. Be1 Bg7 47. Bg3 e3 (47... Bf6+ 48. Kh3 Qh1+
49. Bh2 Qf1+ 50. Kg3 Qf3#) 48. b4 e2 49. c5 e1=Q (49... e1=Q 50. Bxe1 (50. Qxe1
Qg4#) 50... Bf6+ 51. Qxf6 Qg4#) 0-1